| LEADER | 00759nam a2200157 4500 | ||
|---|---|---|---|
| 082 | |a 393.9309597 |b L 400 X | ||
| 100 | |a Lò Xuân Dừa | ||
| 245 | |a Lễ tang họ Lò bản Tặt |c Lò Xuân Dừa |n Quyển 1 | ||
| 260 | |a H. |b Văn hóa Thông tin |c 2014 | ||
| 300 | |a 687tr. |c 21cm | ||
| 520 | |a . | ||
| 653 | |a . | ||
| 942 | |2 ddc |c SH | ||
| 999 | |c 5728 |d 5728 | ||
| 952 | |0 0 |1 0 |2 ddc |4 0 |6 393_930959700000000_L_400_X |7 0 |8 300 |9 52526 |a qbu |b qbu |c D2 |d 2014-12-29 |g 137000 |o 393.9309597 L 400 X |p 4931.C1 |r 0000-00-00 |w 2014-12-29 |y SH |0 0 |6 393_930959700000000_L_400_X |0 0 |6 393_930959700000000_L_400_X | ||
| 952 | |0 0 |1 0 |2 ddc |4 0 |6 393_930959700000000_L_400_X |7 0 |8 300 |9 77047 |a qbu |b qbu |c D2 |d 2015-06-10 |g 137000 |o 393.9309597 L 400 X |p 4931.c2 |r 0000-00-00 |w 2015-06-10 |y SH |0 0 |6 393_930959700000000_L_400_X | ||